Statystyki dla 10 Najwartościowszych Urugwajczyków

Kliknij tutaj aby rozwiązać quiz!

Ogólne statystyki

  • Ten quiz został rozwiązany 101 razy
  • Średni wynik to 4 z 10

Statystyki odpowiedzi

WartośćPiłkarz% Poprawnych
28 mlnSuarez
100%
20 mlnCavani
87%
56 mlnGimenez
67%
54 mlnValverde
46%
40 mlnBentancur
37%
36 mlnTorreira
29%
18,5 mlnVecino
13%
32 mlnGomez
12%
21 mlnNandez
11%
20 mlnArambarri
2%

Rozkład punktacji

Percentyl według liczby udzielonych odpowiedzi

Procent ludzi z każdym wynikiem

Twoja historia wyników

Nie rozwiązałeś tego quizu